| 000 | 00937cab a2200289 4500 | ||
|---|---|---|---|
| 001 | ABS52960 | ||
| 008 | 090401t1995 xxu||||| |||| 00| 0 eng d | ||
| 035 | _a(Sirsi) u1104 | ||
| 041 | _aeng | ||
| 245 | _aAlternative land use | ||
| 260 | _c1995 | ||
| 300 | _aLOAN | ||
| 350 | _a0 | ||
| 490 |
_aFarm Development Review _v9(7) May 1995 (8) |
||
| 520 | _aReports on the formation of the Wales Association of Self-Catering Operators, backed by the Wales Tourist Board, countryside stewardship scheme incomes, European rural aid and industrial markets for oilseeds. | ||
| 650 | _aALTERNATIVE LAND USE | ||
| 650 | _aCOUNTRYSIDE STEWARDSHIP SCHEMES | ||
| 650 | _aFARM ACCOMMODATION | ||
| 650 | _aFARM DIVERSIFICATION | ||
| 650 | _aOBJECTIVE 5B | ||
| 650 | _aOILSEEDS | ||
| 650 | _aSTRUCTURAL FUNDS | ||
| 650 | _aWALES ASSOCIATION OF SELF-CATERING OPERATORS | ||
| 690 | _aRURAL PRACTICE | ||
| 942 | _n0 | ||
| 948 | _c04/03/1997 | ||
| 999 |
_c605 _d605 |
||